MARC details
| 000 -CABECERA |
| campo de control de longitud fija |
00967nam a2200229 a 4500 |
| 001 - NÚMERO DE CONTROL |
| campo de control |
000005380 |
| 005 - FECHA Y HORA DE LA ÚLTIMA TRANSACCIÓN |
| campo de control |
20200929151647.0 |
| 008 - DATOS DE LONGITUD FIJA--INFORMACIÓN GENERAL |
| campo de control de longitud fija |
090819s1987 es 000 0 spa d |
| 020 ## - NÚMERO INTERNACIONAL ESTÁNDAR DEL LIBRO |
| Número Internacional Estándar del Libro |
8400066812 |
| 040 ## - FUENTE DE LA CATALOGACIÓN |
| Centro catalogador/agencia de origen |
DO-SdBNP |
| Lengua de catalogación |
spa |
| Centro/agencia transcriptor |
BNPHU |
| 082 ## - NÚMERO DE LA CLASIFICACIÓN DECIMAL DEWEY |
| Número de clasificación |
224.2 |
| Número de documento/Ítem |
A325b |
| 130 0# - ENTRADA PRINCIPAL--TÍTULO UNIFORME |
| Título uniforme |
Biblia. A. T. |
| Nombre de parte o sección de la obra |
A. T. |
| Lenguaje de la obra |
español |
| Versión |
Jeremías |
| Fecha de publicación/de la obra |
1987 |
| 9 (RLIN) |
15265 |
| 245 10 - MENCIÓN DE TÍTULO |
| Título |
Biblia babilónica : Jeremías : |
| Resto del título |
edición crítica según manuscritos hebreos de puntuación babilónica / |
| Mención de responsabilidad, etc. |
Amparo Alba Cecilia. |
| 260 ## - PUBLICACIÓN, DISTRIBUCIÓN, ETC. |
| Lugar de publicación, distribución, etc. |
Madrid : |
| Nombre del editor, distribuidor, etc. |
Instituto de filosofía, CSIC, Departamento de Filosofía Bíblica y de Oriente Antiguo, |
| Fecha de publicación, distribución, etc. |
1987. |
| 300 ## - DESCRIPCIÓN FÍSICA |
| Extensión |
xxi, 164 p. ; |
| Dimensiones |
28 cm. |
| 440 #0 - MENCIÓN DE SERIE/PUNTO DE ACCESO ADICIONAL--TÍTULO |
| Título |
Textos y estudios, Cardenal Cisnero de la Biblia Políglota Matritense ; |
| Designación de volumen o secuencia |
41 |
| 9 (RLIN) |
15266 |
| 500 ## - NOTA GENERAL |
| Nota general |
Incluye referencia bibliográficas. |
| 630 14 - PUNTO DE ACCESO ADICIONAL DE MATERIA--TÍTULO UNIFORME |
| Título uniforme |
BIBLIA |
| Nombre de parte o sección de la obra |
A.T. |
| -- |
JEREMÍAS |
| Subdivisión general |
CRÍTICA TEXTUAL |
| 9 (RLIN) |
15267 |
| 650 #4 - PUNTO DE ACCESO ADICIONAL DE MATERIA--TÉRMINO DE MATERIA |
| Término de materia o nombre geográfico como elemento de entrada |
Hebreo |
| 9 (RLIN) |
15268 |
| 650 #4 - PUNTO DE ACCESO ADICIONAL DE MATERIA--TÉRMINO DE MATERIA |
| Término de materia o nombre geográfico como elemento de entrada |
Biblia- lenguaje y estilo |
| 9 (RLIN) |
15269 |
| 700 1# - PUNTO DE ACCESO ADICIONAL--NOMBRE DE PERSONA |
| Nombre de persona |
Alba Cecilia, Amparo |
| 9 (RLIN) |
15270 |